000 00652nam a2200217 u 4500
005 20220622063622.0
008 131003s2009 ag r 000 0 spa d
020 _a9789871534050
035 _aUPN01000193453
049 _aCG
050 4 _aPQ8519 Q5
_bA9.3
100 1 _aQuiroga, Horacio,
_d1878-1937
_929892
245 1 4 _aLas aventuras de Anaconda /
_cHoracio Quiroga ; il. Rodrigo Luján.
260 _aBuenos Aires :
_bPictus,
_c2009.
300 _a96 p. :
_bil.
440 0 _aLectosfera.
_pLima ;
_v108
650 4 _aLITERATURA JUVENIL URUGUAYA
_912905
650 0 _aAnimales
_vCuentos y leyendas
_9234
905 _aLibro
999 _c165554
_d165554